00604nam a2200193Ia 450000500170000000800410001702000150005808200130007324500680008626000590015430000170021365000100023065000230024065000100026370000210027394200060029495200950030099900150039520241022042053.0240331s9999 xx 000 0 und d a9555800855 bROBa821 0aI want to speak of tenderness :b50 writers for Anne Ranasinghe aColombobInternational Centre For Ethnic Studiesc2003 axv, 400 p ., aWomen aEnglish Literature aPoems aRobuchon, Geedt cL 001040708LaWERCLbWERCLcSSCd2024-03-31l0o 821 ROBp4889r2024-03-31w2024-03-31yL c4363d4363